Assamese literature (Record no. 3629)

MARC details
000 -LEADER
fixed length control field 00468cam a2200193ua 4500
001 - CONTROL NUMBER
control field 3807
005 - DATE AND TIME OF LATEST TRANSACTION
control field 20260515113731.0
008 - FIXED-LENGTH DATA ELEMENTS--GENERAL INFORMATION
fixed length control field 111205n ii |||gr||||Z||||||asm
040 ## - CATALOGING SOURCE
Transcribing agency MAIN
082 ## - DEWEY DECIMAL CLASSIFICATION NUMBER
Classification number 891.4514
100 ## - MAIN ENTRY--PERSONAL NAME
Personal name Barua, Hem,
245 11 - TITLE STATEMENT
Title Assamese literature
Statement of responsibility, etc. by Hem Barua
250 ## - EDITION STATEMENT
Edition statement 1st.
260 ## - PUBLICATION, DISTRIBUTION, ETC.
Place of publication, distribution, etc. New Delhi:
Name of publisher, distributor, etc. National book trust,965.
300 ## - PHYSICAL DESCRIPTION
Extent 282p:
Dimensions 23cm.
653 ## - INDEX TERM--UNCONTROLLED
Uncontrolled term Assamese literature
653 ## - INDEX TERM--UNCONTROLLED
Uncontrolled term Assamese literature
942 ## - ADDED ENTRY ELEMENTS (KOHA)
Koha item type Books
Holdings
Withdrawn status Lost status Damaged status Not for loan Home library Current library Shelving location Date acquired Total checkouts Full call number Barcode Date last seen Copy number Price effective from Koha item type
        Naharkatiya College Library Naharkatiya College Library General stacks 09/19/2020   891.4514 | BAR 8881 09/19/2020 1 09/19/2020 Books